000 00629nam a2200205 i 4500
001 58442
003 ES-MaACL
005 20250916063043.0
007 t|
008 031022s1959 sp |||| | spa d
100 1 _aDuhamel, Georges,
_d1884-1966
_945938
245 1 0 _aA la vista de la tierra prometida /
_cpor Georges Duhamel ; [versión castellana de Fernando Durán].
260 _aBarcelona :
_bG.P.,
_c[1959] (
_fGuada)
300 _a160 p. ;
_c18 cm.
490 1 _aLibro Picus
700 1 _aDurán, Fernando.
_946181
830 0 _aLibro Picus
_9181734
852 _aES-MaACL
_jC-17082
999 _c58442
_d58442